| 000 | 00605nam a22001937a 4500 | ||
|---|---|---|---|
| 999 |
_c14911 _d14911 |
||
| 003 | AR-CdUCM | ||
| 008 | 190425b ||||| |||| 00| 0 spa d | ||
| 020 | _a978-84-441-4245-6 | ||
| 040 |
_aMUNICIPALIDAD PROVINCIAL DEL CUSCO _cBIBLIOTECA MUNICIPAL DEL CUSCO |
||
| 082 |
_25ed. _aPI / 376.1 / _bC82 |
||
| 100 |
_aCoutinhas, Joâo _933881 |
||
| 245 | _aAnimales de la A a la Z / | ||
| 260 |
_aLa Coruña : _bEverest, _c2005. |
||
| 300 |
_a47 páginas ; _bIlustraciones, _c21 cm. |
||
| 650 |
_aLiteratura infantil _9588 |
||
| 700 |
_aPinto, Pedro _933882 |
||
| 942 |
_2ddc _cLIBROS |
||
| 945 |
_aacv _d2019-04-25 |
||